Logo BPK

Biblioteka

Politechniki Koszalińskiej

Praca oporowych przewodów grzejnych w układach odniesienia / (Rekord nr 28002)

Szczegóły MARC
000 -ETYKIETA REKORDU
podpole kontrolne o stałej długości 00336nam a2200133 i 4500
001 - NUMER KONTROLNY REKORDU
pole kontrolne bg
040 ## - ŹRÓDŁO KATALOGOWANIA
Instytucja, która utworzyła rekord BPK
041 ## - KOD JĘZYKA
Kod języka tekstu pol
008 - POLE O STAŁEJ DŁUGOŚCI - DANE KONTROLNE
podpole kontrolne o stałej długości s pl f |000 0 pol
100 1# - NAZWA OSOBOWA
Nazwa osobowa Hauser, Jacek.
245 #0 - TYTUŁ/ODPOWIEDZIALNOŚĆ
Tytuł Praca oporowych przewodów grzejnych w układach odniesienia /
Pozostałe elementy strefy tytułu i oznaczenia odpowiedzialności J. Hauser.
260 ## - STREFA ADRESU WYDAWNICZEGO
Miejsce wydania Poznań,
Data publikacji, dystrybucji/powstania dokumentu 1984.
856 ## - LOKALIZACJA I DOSTĘP DO ELEKTRONICZNYCH DOKUMENTÓW ZDALNYCH
Link (URL) http://koha.tu.koszalin.pl/cgi-bin/koha/opac-detail.pl?biblionumber=28002
Tekst linku Katalog online BPK
942 ## - DODATKOWE ELEMENTY (KOHA)
Typ dokumentu Książka
Egzemplarze
Wycofany Status egzemplarza Uszkodzony Dostępność Lokalizacja stała Lokalizacja bieżąca Miejsce przechowywania Sygnatura Kod kreskowy Typ dokumentu
      Dostępny Biblioteka Politechniki Koszalińskiej Biblioteka Politechniki Koszalińskiej Wypożyczalnia BG 32298 01589672 Książka
© 2023 Biblioteka Politechniki Koszalińskiej :: KOHA